00845nam a2200217 a 450000100100000000500170001000800410002704000250006808200150009310000290010824500580013726000710019530000210026649000190028765000250030665000280033183000260035995201120038595201150049799900150061200000685520200929154017.0090903s1982 dr 001 0 spa d aDO-SdBNPbspacBNPHU a410bL817p1 aLóckward, George9850810aPreocupaciones lingüísticas /cGeorge Lóckward. aSanto Domingo :bEducativa Dominicana :bUniversidad CETEC,c1982. a193 p. ;c21 cm.1 aFilologíav1 4aLingüistica919041 4aLenguaje y lenguas9407 0aFilologíav1919042 0010718PDaPDbPDcCTd2009-09-03iLF1l0o410 L817pp6855-10r2020-06-25w2020-06-25yLFPDZNo se presta 001050718MOaPDbPDcCTd2009-09-03iLF1l0o410 L817ppE. 2r2020-06-25te. 2w2020-06-25y1ZNo se presta c6643d6643